| 000 | 00889cai a22002895a 4500 | ||
|---|---|---|---|
| 008 | 230725c2006 xxkfr l ee 000 00chi d | ||
| 041 | 1 | _achi | |
| 110 | 2 |
_aRoyal Institution of Chartered Surveyors _94900 |
|
| 240 | 0 | 0 | _aRed book |
| 245 | 0 | 0 | _aRICS 评估和估价标准 中文版 版本 |
| 246 | _aRICS appraisal and valuation standards | ||
| 260 |
_aLondon _bRICS _c2006 |
||
| 300 |
_a84p. _f(loose-leaf) _c30cm. |
||
| 362 | 0 | _a2006- | |
| 490 | 0 | _aRICS Guidance Note | |
| 490 | 0 | _aRICS Red Book | |
| 490 | 0 | _aRICS Information Paper | |
| 490 | 0 | _aRICS Practice Statement | |
| 490 | 0 | _aRICS UK Guidance Note | |
| 490 | 0 | _aRICS UK Practice Statement | |
| 490 | 0 | _aRICS Valuation Information Paper | |
| 520 | _aChinese language version. | ||
| 650 | 2 | 4 | _aRICS appraisal and valuation standards |
| 651 | 4 | _aInternational | |
| 690 |
_aValuation _96273 |
||
| 942 |
_n0 _2ddc |
||
| 999 |
_c121633 _d121633 |
||